000 00478nam a2200193Ia 4500
005 20240823024926.0
008 240823s9999||||xx |||||||||||||| ||und||
020 _a81-7881-731-4
041 _aENGLISH
082 _A332.6 P6
100 _aSuresh K. Ed.
245 0 _aDynamic Pricing Concepts and applications
250 _a1st
260 _c2006
_bICFAI University
500 _aYES
650 _aDynamic Pricing
_bManagement Studies
942 _cBK
999 _c185078
_d185078